| 000 -ლიდერი |
| ფიქსირებული სიგრძის საკონტროლო ველი |
02230nam a2200265Ia 4500 |
| 001 - საკონტროლო ნომერი |
| საკონტროლო ველი |
7082 |
| 003 - საკონტროლო ნომრის იდენტიფიკატორი |
| საკონტროლო ველი |
GE_BSU |
| 005 - ბოლო ოპერაციის თარიღი და დრო |
| საკონტროლო ველი |
20231108111246.0 |
| 008 - ფიქსირებული სიგრძის მონაცემთა ელემენტები - ზოგადი ინფორმაცია |
| ფიქსირებული სიგრძის საკონტროლო ველი |
181216s2009||||ge |||||||||||||| ||geo|| |
| 020 ## - წიგნის საერთაშორისო სტანდარტული ნომერი |
| International Standard Book Number |
9789941906763 |
| 040 ## - კატალოგიზაციის წყარო |
| Transcribing agency |
GE_BSU |
| 041 ## - ენის კოდი |
| Language code of text/sound track or separate title |
geo |
| 080 ## - უნივერსალური ათობითი კლასიფიკაციის ინდექსი |
| Universal Decimal Classification number |
821.353.1-09-13(092რუსთაველი) მ-80 |
| 245 ## - ცნობა სათაურის შესახებ |
| Title |
მოგითხრობთ "ვეფხისტყაოსანის" შესახებ : |
| Remainder of title |
ენციკლოპედიური კრებული პოემისა და მისი ავტორის შესახებ / |
| Statement of responsibility, etc |
იდეის ავტ. და შემდგ. მანანა კარტოზია ; მთ. რედ. ლევან ღვინჯილია. |
| 264 ## - წარმოების, გამოცემის, დისტრიბუციის და სხვა ცნობები |
| გამოცემის, წარმოების, დისტრიბუციის... ადგილი |
თბილისი : |
| გამოცემის, წარმოების, დისტრიბუციის... სახელწოდება |
სეზანი, |
| გამოცემის, წარმოების, დისტრიბუციის... თარიღი |
2009. |
| 300 ## - ფიზიკური აღწერა |
| Extent |
376 გვ. : |
| Other physical details |
ილ. ; |
| Dimensions |
27 სმ. |
| 490 ## - სერიის ცნობა |
| Series statement |
პროექტი - ჩვენ და "ვეფხისტყაოსანი" /პროექტ. ხელმძღვ. შავლეგ შავერდაშვილი. |
| Volume number/sequential designation |
წ. 2 |
| 500 ## - ზოგადი შენიშვნა |
| General note |
გამოყენებულია ზურაბ მიქაძის და სხვათა ფოტოები, აგრეთვე საქართველოს ეროვნული მუზეუმის, საქართველოს ეროვნული არქივის მიერ მოწოდებული დოკუმენტური მასალები |
| 520 ## - SUMMARY, ETC. |
| Summary, etc |
გამოყენებულია;ზურაბ მიქაძის და სხვათა ფოტოები,აგრეთვე საქ.ეროვნ.მუზეუმის,საქ.ეროვნ.არქივის მიერ მოწ.დოკუმენტ.მასალები. |
| 653 ## - INDEX TERM--UNCONTROLLED |
| Uncontrolled term |
ქართული პოემის ისტორია და კრიტიკა |
| 653 ## - INDEX TERM--UNCONTROLLED |
| Uncontrolled term |
რუსთაველი შოთა და მისი ვეფხისტყაოსანი |
| 700 ## - ADDED ENTRY--PERSONAL NAME |
| Personal name |
ღვინჯილია, ლევან |
| Relator term |
რედაქტორი |
| 9 (RLIN) |
310 |
| 942 ## - ADDED ENTRY ELEMENTS (KOHA) |
| Koha item type |
წიგნი |
| Source of classification or shelving scheme |
|